000
00216nam a2200097Ia 4500
005
20251222114353.0
008
251222s1900||||xx |||||||||||||| ||spa||
082
_a
DVD0070/W42G/2001
245
0
_a
Gallipoli:
942
_c
DVD
999
_c
1338
_d
1338